Online
Catalog

estilhaços no lago de púrpura = Astillas en el lago púrpura / (Record no. 29624)

MARC details
000 -CABECERA
campo de control de longitud fija 00890nam a2200253 a 4500
001 - NÚMERO DE CONTROL
campo de control 000030132
005 - FECHA Y HORA DE LA ÚLTIMA TRANSACCIÓN
campo de control 20240305100318.0
008 - DATOS DE LONGITUD FIJA--INFORMACIÓN GENERAL
campo de control de longitud fija 110429s2010 bl 000 p spa d
020 ## - NÚMERO INTERNACIONAL ESTÁNDAR DEL LIBRO
Número Internacional Estándar del Libro 9789945420838
020 ## - NÚMERO INTERNACIONAL ESTÁNDAR DEL LIBRO
Número Internacional Estándar del Libro 9789945420838
040 ## - FUENTE DE LA CATALOGACIÓN
Centro catalogador/agencia de origen DO-SdBNP
Lengua de catalogación spa
Centro/agencia transcriptor BNPHU
041 17 - CÓDIGO DE LENGUA
Código de lengua del texto/banda sonora o título independiente spa
Código de lengua original portugués
Fuente del código Código de idioma MARC
082 ## - NÚMERO DE LA CLASIFICACIÓN DECIMAL DEWEY
Número de clasificación xxx
Número de documento/Ítem S586a
049 ## - FONDOS LOCALES (OCLC)
Fondos de biblioteca BNPD
100 1# - ENTRADA PRINCIPAL--NOMBRE DE PERSONA
Nombre de persona Silva, Wilmar
9 (RLIN) 56838
245 10 - MENCIÓN DE TÍTULO
Título estilhaços no lago de púrpura = Astillas en el lago púrpura /
Mención de responsabilidad, etc. Wilmar Silva ; traducción Cristiane Grando, Ángel Ortega y José Martín Paulino.
260 ## - PUBLICACIÓN, DISTRIBUCIÓN, ETC.
Lugar de publicación, distribución, etc. [Belo Horizone, (Brasil)] :
Nombre del editor, distribuidor, etc. Ángeles de Fierro,
Fecha de publicación, distribución, etc. 2010.
300 ## - DESCRIPCIÓN FÍSICA
Extensión 68 p. ;
Dimensiones 16 p.
490 1# - MENCIÓN DE SERIE
Mención de serie Rosa de tierra
700 1# - PUNTO DE ACCESO ADICIONAL--NOMBRE DE PERSONA
Nombre de persona Grando, Cristiane,
Fechas asociadas al nombre 1974-
Término indicativo de función/relación tr.
9 (RLIN) 24064
700 1# - PUNTO DE ACCESO ADICIONAL--NOMBRE DE PERSONA
Nombre de persona Ortega, Ángel
Término indicativo de función/relación tr
9 (RLIN) 24066
700 1# - PUNTO DE ACCESO ADICIONAL--NOMBRE DE PERSONA
Nombre de persona Martín Paulino, José,
Fechas asociadas al nombre 1963-
Término indicativo de función/relación tr.
9 (RLIN) 34433
830 #0 - PUNTO DE ACCESO ADICIONAL DE SERIE-TÍTULO UNIFORME
Título uniforme Rosa de tierra
9 (RLIN) 56840
Holdings
Estado de retiro Estado de pérdida Restricciones de uso No para préstamo Código de colección Localización permanente Ubicación/localización actual Ubicación en estantería Fecha de adquisición Número de inventario Total de préstamos Signatura topográfica completa Código de barras Fecha visto por última vez Precio válido a partir de Tipo de ítem Koha
        Monografías: Libros y Folletos Patrimonio Dominicano Patrimonio Dominicano Orden iniciada 29.04.2011 LF1   xxx S586a 30132-10 25.06.2020 25.06.2020 No se presta

Powered by Koha